| 000 | 00502nam a22001817a 4500 | ||
|---|---|---|---|
| 003 | OSt | ||
| 005 | 20140310183018.0 | ||
| 008 | 130212t xxu||||| |||| 00| 0 eng d | ||
| 050 |
_aRC 86.8 _b.F57 2001 |
||
| 245 |
_aFirst aid manual for Filipinos = Pangunahing lunas para sa Pilipino/ _ceditor-in-chief, Antonio M. Montalban |
||
| 260 |
_c1993. _aPhilippines : |
||
| 300 |
_a296 p. : _c 20 cm. _bill. ; |
||
| 521 | _aNUR | ||
| 562 | _e2 | ||
| 942 |
_2lcc _cBK _kLOC |
||
| 999 |
_c18336 _d18336 |
||